Flowers that Heal: Indian flower remidies (Record no. 6358)

MARC details
000 -LEADER
fixed length control field 00449nam a22001817a 4500
005 - DATE AND TIME OF LATEST TRANSACTION
control field 20200520155834.0
008 - FIXED-LENGTH DATA ELEMENTS--GENERAL INFORMATION
fixed length control field 200520b xxu||||| |||| 00| 0 eng d
020 ## - INTERNATIONAL STANDARD BOOK NUMBER
ISBN 9789374734636
041 ## - LANGUAGE CODE
Language code of text/sound track or separate title eng
082 ## - DEWEY DECIMAL CLASSIFICATION NUMBER
Classification number 615.32 KHA
100 ## - MAIN ENTRY--AUTHOR NAME
Personal name Khaitan,Dr. Malti
245 ## - TITLE STATEMENT
Title Flowers that Heal: Indian flower remidies
250 ## - EDITION STATEMENT
Edition statement 2'nd
260 ## - PUBLICATION, DISTRIBUTION, ETC. (IMPRINT)
Place of publication Delhi
Name of publisher AITBS PUBLISHERS
Year of publication 2016
300 ## - PHYSICAL DESCRIPTION
Number of Pages 397p.
650 ## - SUBJECT ADDED ENTRY--TOPICAL TERM
Topical Term Pharmacy
942 ## - ADDED ENTRY ELEMENTS (KOHA)
Koha item type Books
Holdings
Lost status Damaged status Collection code Home library Current library Shelving location Date acquired Source of acquisition Cost, normal purchase price Full call number Accession Number Koha item type
    PHARMACY JRU Library JRU Library SHELF-18-F 01/06/2020 PURCHASE 325.00 615.32 KHA 24154 Books